Marketing a komunikácia firmy s verejnosťou. Miesto a úloha PR v rámci komunikačného mixu + CD-ROM

Gespeichert in:
Bibliographische Detailangaben
1. Verfasser: Kováčová, Alexandra (Verfasst von)
Format: Manuskript Buch
Sprache:Slowakisch
Veröffentlicht: Bratislava : STU v Bratislave FCHPT, 2004
Ausgabe:Obháj.: 8.6.2004
Tags: Tag hinzufügen
Keine Tags, Fügen Sie das erste Tag hinzu!

MARC

LEADER 00000ntm a22000003a 4500
001 stu88411
005 20150617225631.2
008 040628s2004----xo------------------slo-d
040 |a STU  |b slo 
041 0 |a slo 
044 |a xo 
100 1 |a Kováčová, Alexandra  |4 aut 
245 1 |a Marketing a komunikácia firmy s verejnosťou. Miesto a úloha PR v rámci komunikačného mixu + CD-ROM 
250 |a Obháj.: 8.6.2004 
260 |a Bratislava :  |b STU v Bratislave FCHPT,  |c 2004 
300 |a 81 s. Obr.,tab.,grafy,lit 
500 |a Špec.: Manežment chemických a potravinárskych podnikov 
996 |b 284C030506  |c C*D14126  |l CCI  |s A  |a 24  |w stu88411_0001